A horse for Mandy. (Record no. 111387)
[ view plain ]
| 000 -LEADER | |
|---|---|
| fixed length control field | 00341nam a2200133 a 4500 |
| 005 - DATE AND TIME OF LATEST TRANSACTION | |
| control field | 20140414131914.0 |
| 008 - FIXED-LENGTH DATA ELEMENTS--GENERAL INFORMATION | |
| fixed length control field | 100902s19uu xx 00 eng d |
| 020 ## - INTERNATIONAL STANDARD BOOK NUMBER | |
| International Standard Book Number | 0590454366 |
| 050 ## - LIBRARY OF CONGRESS CALL NUMBER | |
| Classification number | FIC |
| Item number | M45 1981 |
| 100 ## - MAIN ENTRY--PERSONAL NAME | |
| Personal name | McDaniel, Lurlene |
| 245 ## - TITLE STATEMENT | |
| Title | A horse for Mandy. |
| 260 ## - PUBLICATION, DISTRIBUTION, ETC. (IMPRINT) | |
| Place of publication, distribution, etc | Plain City, OH : |
| Name of publisher, distributor, etc | Darby Creek, |
| Date of publication, distribution, etc | 1981. |
| Withdrawn status | Lost status | Damaged status | Home library | Current library | Shelving location | Date acquired | Total Checkouts | Full call number | Barcode | Date last seen | Price effective from | Koha item type |
|---|---|---|---|---|---|---|---|---|---|---|---|---|
| Munich Library | Munich Library | Fiction Section | 09/02/2010 | FIC M45 1981 | M2101 | 04/14/2014 | 04/14/2014 | Books |